000 00719nam a2200253 i 4500
001 C2-0323748
003 PPAK
005 20180728122243.0
008 131114s2002 wiua|||| ||||| | eng d
020 _a9780299180447
040 _aPPAK
_beng
_cPPAK
_erda
082 0 4 _a333.72
_223
090 0 0 _a333.72
_bNEL
_dLCK
100 1 _aNelson,Gaylord,
_eauthor
245 1 0 _aByond Earth Day :
_bfulfilling the promise
264 1 _aMadison,Wisconsin :
_bThe University Of Wisconsin Press ,
_c2002
300 _a(ix),201 pages :
_billustrations ;
_c23 cm
336 _2rdacontent
_atext
337 _2rdamedia
_aunmediated
338 _2rdacarrier
_avolume
500 _aHadiah
700 _eauthor
942 _ddc
_cB
999 _c123771
_d123771